000 004830000a22001210004500
100 1 _aAlonso, Abraham.
245 1 0 _aLa música de los faraones.
300 _aVol.18, no.210 (2000), p. 66-69
520 _aUna investigación recrea sus melodías e instrumentos. A partir de restos arqueológicos y de la tradición oral, fué posible reconstruir la música que se oía en el valle del Nilo hace 4.500 años.
650 1 4 _aHISTORIA
773 0 _tRevista muy interesante
942 _cANA
999 _c63249
_d63249